000 04300cam a22018254i 4500
003 PE-LiUPU
005 20250813165504.0
008 171204s sp a r 001 0 spa d
020 _a8416353689
020 _a9788416353682
035 _a(Sirsi) a240284
041 1 _aspa
_heng
082 0 4 _a618.9201
_bA91
_223
245 0 0 _aAvery, neonatología : diagnóstico y tratamiento del recién nacido /
_ceditado por Mhairi G. MacDonald, Mary M. K. Seshia ; [revisión científica, Ana Elena Limón Rojas, Enrique Alfonso Gómez Sánchez ; traducción, Félix García Roig, Martha Elsa Mauri Hernández].
250 _aSéptima edición.
264 1 _aBarcelona :
_bWolters Kluwer,
_c2017.
300 _aXIX, 1204 páginas
_bilustraciones ;
_c28 centímetros
336 _atext
_2rdacontent
337 _aunmediated
_2rdamedia
338 _avolume
_2rdacarrier
504 _aÍndice: páginas 1173-1204.
505 0 _aBibliografía al final de cada caítulo.
526 _aP203
526 _aP200
526 _aSEG65
526 _aSEG64
526 _aSEG63
526 _aSEG62
526 _aSEG61
526 _aSEG60
526 _aSEG59
526 _aSEG58
526 _aSEG57
526 _aSEG56
526 _aSEG55
526 _aSEG54
526 _aSEG53
526 _aSEG52
526 _aSEG51
526 _aSEG50
526 _aSEG49
526 _aSEG48
526 _aSEG47
526 _aSEG46
526 _aSEG24
526 _aSEG23
526 _aSEG22
526 _aSEG21
526 _aSEG20
526 _aSEG19
526 _aSEG18
526 _aSEG17
526 _aSEG16
526 _aSEG14
526 _aSEG13
526 _aSEG12
526 _aSEG11
526 _aSEG10
526 _aSEG09
526 _aSEG06
526 _aSEG05
526 _aSEG04
526 _aSEG03
526 _aSEG02
526 _aSEG68
526 _aSEG66
526 _aSEG45
526 _aSEG25
526 _aSEG01
526 _aP163
526 _aP162
526 _aP161
526 _aP160
526 _aP159
526 _aP158
526 _aP157
526 _aP156
526 _aP155
526 _aP154
526 _aP153
526 _aP152
526 _aP151
526 _aP150
526 _aP149
526 _aP142
526 _aP141
526 _aP140
526 _aP139
526 _aP138
526 _aP137
526 _aP132
526 _aP131
526 _aP130
526 _aP126
526 _aP125
526 _aP124
526 _aP123
526 _aP115
526 _aP122
526 _aP121
526 _aP116
526 _a P114
526 _aP112
526 _aP111
526 _aP104
526 _aP103
526 _aP102
526 _aP101
526 _aP100
526 _aP96
526 _aP95
526 _aP93
526 _aP92
526 _aP91
526 _aP88
526 _aP83
526 _aP82
526 _aP79
526 _aP78
526 _aP75
526 _aP74
526 _aP71
526 _aP69
526 _a P51
526 _aP49
526 _aP48
526 _aP47
526 _aP33
526 _aP31
526 _a P30
526 _aP29
526 _aP27
526 _aP26
526 _aP25
526 _aP24
526 _a P22
526 _aP10
526 _aP09
526 _a P08
526 _aP06
526 _aP05
526 _aP04
526 _aP01
526 _iPrograma académico :
_5PE-LiUPU
534 _aTítulo original :
_tAvery's neonatology.
541 _g0001-000549;
650 1 4 _aNeonatología
_2embne
700 1 _aMacDonald, Mhairi G., director de la publicación.
700 1 _aSeshia, Mary M. K., director de la publicación.
700 1 _aAvery, Gordon B., director de la publicación.
910 _adbm
_bebj
_cebj
_d20171204
596 _a1
942 _2ddc
_cBOOK
999 _a618.9201 A91
_wDEWEY
_c25948
_i77196
_d25948
_e2018-5-27
_f2021-11-4
_g4
_lCCODEBUL1
_mBUL
_n1
_p216.00
_q4
_r0
_sY
_tBOOK
_u2017-12-4
_xSALUD
_zP69
_0COMPRA
_o.CIRCNOTE. Documento de alto precio.
_o.STAFF. Colección Ciencias de la Salud
980 _81
_gALBERTO SANCHEZ Responsable de Automatización